000 00749nas a2200241 4500
001 BR8006236
003 BR-BrBNA
005 20231205084412.0
007 ta
008 230509b bl.|||p| |||| 00| 00por d
040 _aBR-BrBNA
_bpor
_cBiblioteca Nacional de Agricultura
041 _a(Pt)
072 _aL74
100 1 _aGuimaraes, J.
245 1 _aUm caso de alteracao em vertebras, costelas e esterno, em equino
650 _aDISTURBIO ANIMAL
650 _aESQUELETO
650 _aEQUINO
650 _aANATOMIA ANIMAL
773 0 _tArquivos da Faculdade de Veterinaria da Universidade Federal do Rio Grande do Sul (Brazil)
_x
_g(Dec 1980), v. 8 p. 45-48
_wBR8006236
909 _a202311
_bLúcia
_c55
_dLúcia Elande
942 _2AGRIS
_n0
_cANA
999 _c104991
_d104991